000 00398nam a2200133Ia 4500
008 230917s9999||||xx |||||||||||||| ||und||
040 _e181146
_aMAIN
041 _aEnglish
082 _a34:331 T675T
245 0 _aTrade unions act, 1926; together with state amending acrs; Central Trade Union Regulations, 1938
260 _aLucknow
_bEastern Book Company
_c1992
300 _a31 p.
942 _cBK
999 _c232424
_d232424